Cinq pays et un seul indice - Statistiques

Statistiques générales
  • Ce quiz a été pris 916 fois
  • Le résultat moyen est 15 sur 30
Statistiques - réponses
Continent Indice Pays % Correct
Afrique Pharaon Egypte
100%
Europe Napoléon France
95%
Amérique du Sud Carnaval Brésil
87%
Asie Fuji Japon
84%
Europe Jeux Olympiques Grèce
80%
Amérique du Nord Reggae Jamaïque
79%
Amérique du Sud Shakira Colombie
75%
Amérique du Nord Communisme Cuba
72%
Amérique du Nord Poutine Canada
71%
Océanie Auckland Nouvelle-Zélande
68%
Afrique Fez Maroc
65%
Amérique du Sud Cuzco Pérou
60%
Afrique Zanzibar Tanzanie
60%
Afrique Lémurien Madagascar
59%
Amérique du Nord Yucatan Mexique
59%
Océanie Outback Australie
56%
Amérique du Sud Hollandais Suriname
48%
Europe Lucerne Suisse
47%
Asie Netanyahu Israël
44%
Amérique du Sud Atacama Chili
39%
Europe Magyar Hongrie
35%
Asie Farsi Iran
23%
Océanie Phosphate Nauru
15%
Océanie Hindi Fidji
13%
Afrique Amharique Ethiopie
12%
Asie Socotra Yémen
11%
Océanie Gilbert Kiribati
10%
Amérique du Nord Blackbeard Bahamas
9%
Europe Kielbasa Pologne
7%
Asie Teardrop Sri Lanka
4%
Aucun quiz correspondant
Distribution des résultats
% des personnes avec chaque résultat
Percentile par nombre de réponses
Votre historique - résultats
Vous n’avez pas pris ce quiz